| 000 | 00492nam a2200181Ia 4500 | ||
|---|---|---|---|
| 008 | 230524s9999 xx 000 0 und d | ||
| 020 | _a817758023X | ||
| 082 |
_a658.45 _bKEO |
||
| 100 | _aArthur J.Keown | ||
| 245 | 0 | _aFinancial Management Principles And Applications | |
| 250 | _a10TH | ||
| 260 |
_aNEW DELHI _bPearson _c2007 |
||
| 300 | _aXV;796 | ||
| 500 | _aQuantity Number: 5 | ||
| 650 | _aManagement | ||
| 700 | _a"John D.Martin,J.William Petty , David F.Scott,," | ||
| 942 | _cBK | ||
| 999 |
_c41220 _d41220 |
||